ბათუმის შოთა რუსთაველის სახელმწიფო უნივერსიტეტის ბიბლიოთეკა

ძველი ქართული კულტურის კერები=Очаги древнегрузинской културы / (ბიბ.ჩანაწერი № 56258)

000 -ლიდერი
ფიქსირებული სიგრძის საკონტროლო ველი 01419nam a2200265Ia 4500
001 - საკონტროლო ნომერი
საკონტროლო ველი 23360
003 - საკონტროლო ნომრის იდენტიფიკატორი
საკონტროლო ველი GE_BSU
005 - ბოლო ოპერაციის თარიღი და დრო
საკონტროლო ველი 20251223152310.0
008 - ფიქსირებული სიგრძის მონაცემთა ელემენტები - ზოგადი ინფორმაცია
ფიქსირებული სიგრძის საკონტროლო ველი 181216s1992||||ge |||||||||||||| ||geo||
020 ## - წიგნის საერთაშორისო სტანდარტული ნომერი
International Standard Book Number ISBN 5-89515-028-4
040 ## - კატალოგიზაციის წყარო
Transcribing agency GE_BSU
041 ## - ენის კოდი
Language code of text/sound track or separate title geo
100 ## - მთავარი ჩანაწერი - პიროვნების სახელი
Personal name მენაბდე, ლ. (ლევან)
9 (RLIN) 14531
245 ## - ცნობა სათაურის შესახებ
Title ძველი ქართული კულტურის კერები=Очаги древнегрузинской културы /
Statement of responsibility, etc ლევან მენაბდე ; რედ.: დ.მაჩაბელი ; მხატვ.: გ.ინასარიძე.
264 ## - წარმოების, გამოცემის, დისტრიბუციის და სხვა ცნობები
გამოცემის, წარმოების, დისტრიბუციის... ადგილი თბილისი :
გამოცემის, წარმოების, დისტრიბუციის... სახელწოდება ხელოვნება,
გამოცემის, წარმოების, დისტრიბუციის... თარიღი 1992.
300 ## - ფიზიკური აღწერა
Extent 294 გვ. ;
Dimensions 20 სმ.
546 ## - LANGUAGE NOTE
Language note პარალ. თავფ. და რეზ. რუს. და ინგლ. ენა
653 ## - INDEX TERM--UNCONTROLLED
Uncontrolled term ქართული კულტურის ისტორია
653 ## - INDEX TERM--UNCONTROLLED
Uncontrolled term ქართული კულტურის კერები საზღვარგარეთ
653 ## - INDEX TERM--UNCONTROLLED
Uncontrolled term ძველი ქართული კულტურის კერები=Очаги древнегрузинской културы
700 ## - ADDED ENTRY--PERSONAL NAME
Personal name მაჩაბელი, დ.
Relator term რედაქტორი
9 (RLIN) 26588
700 ## - ADDED ENTRY--PERSONAL NAME
Personal name ინასარიძე, გ.
Relator term მხატვარი
9 (RLIN) 26589
942 ## - ADDED ENTRY ELEMENTS (KOHA)
Koha item type წიგნი
Source of classification or shelving scheme
ეგზემპლარები
ჩამოწერის სტატუსი დაკარგული ეგზემპლარის სტატუსი კლასიფიკაციის წყარო ან თაროზე გაწყობის სქემა დაზიანების სტატუსი არ გაიცემა მუდმივი მდებარეობა (დაცვის ადგილი) ამჟამინდელი ადგილსამყოფელი თაროზე განთავსების ადგილი შეძენის თარიღი ღირებულება, შესყიდვის ნორმალური ფასი შტრიხკოდი ბოლო ოპერაციის თარიღი ეგზემპლარის მიმდევრობითი ნომერი (კეტერი?) ფასის ძალაში შესვლის თარიღი ეგზემპლარის სახეობა საჯარო შენიშვნა
          ბათუმის შოთა რუსთაველის სახელმწიფო უნივერსიტეტის მთავარი ბიბლიოთეკა ბათუმის შოთა რუსთაველის სახელმწიფო უნივერსიტეტის მთავარი ბიბლიოთეკა წიგნსაცავი 2018-12-17 5.00 28322 2018-12-17 28322 2018-12-17 წიგნი 5.00 ₾.